| 000 | 01874nam0a22003851 4500 | ||
|---|---|---|---|
| 001 | v19\rc\1721221 | ||
| 005 | 20250619054256.0 | ||
| 035 | _a(NLR Aleph) 004844029 | ||
| 090 |
_a4852424 _c4852424 |
||
| 100 | _a20061002d1901 |||y0rusy50 ca | ||
| 101 | 1 |
_arus _ceng |
|
| 102 | _aRU | ||
| 105 | _ay z ||||| | ||
| 200 | 1 |
_aЛомбардстрит _eКрит. исслед. об орг. и деятельности англ. денеж. рынка _fВальтер Бэджгот _gС предисл. к нем. изд. проф. Франца фон Гольтцендорфа _gПер. с англ. (изд. 1896 г.) и ст. "Депозитные банки в Англии и России" Е. Эпштейна |
|
| 210 |
_aСанкт-Петербург _cтипо-лит. А.Е. Ландау _d1901 |
||
| 215 |
_aLV, [3], 294, [1] с. _d18 |
||
| 300 | _aНа обл. дата: 1902 | ||
| 464 | 0 |
_12001#$aДепозитные банки в Англии и России$fСоч. Е. Эпштейна _1700#1$aЭпштейн$bЕ.М.$gЕфим Моисеевич _tДепозитные банки в Англии и России _aЭпштейн, Ефим Моисеевич |
|
| 700 | 1 |
_9z01790 _aБеджгот _bУ. _f1826-1877 _gУолтер |
|
| 702 | 1 |
_aГольтцендорф _bФ. фон _gФранц фон _4080 |
|
| 702 | 1 |
_aЭпштейн _bЕ.М. _gЕфим Моисеевич _4730 |
|
| 790 | 1 |
_9z01700 _aБеджгот _bВ. _f1826-1877 _gВальтер |
|
| 790 | 1 |
_9z01700 _aБэджгот _bВ. _f1826-1877 _gВальтер |
|
| 801 | 0 |
_aRU _bNLR _gpsbo |
|
| 801 | 0 |
_aRU _bRuMoRGB _2psbo |
|
| 801 | 1 |
_aRU _bProSoft-M _2rusmarc |
|
| 852 |
_aNLR _j34.3.5.120 |
||
| 899 |
_aRuMoRGB _jC 61/415 |
||
| 899 |
_aRuMoRGB _jJ 60/71 |
||
| 899 |
_aRuMoRGB _jЯ 69/954 |
||
| 899 |
_aRuMoRGB _jФ 1-52/1315 |
||
| 899 | _aБАН | ||
| 899 | _aГПИБ | ||
| 942 | _cBOOK | ||
| 980 | _aNB | ||